|
|
|
|
| LEADER |
00000nkm a2200000 a 4500 |
| 001 |
vtls011840677 |
| 003 |
SK-MaSNL |
| 005 |
20260301100838.0 |
| 007 |
kf bo |
| 008 |
230718q1919 xo g kuslo |
| 015 |
|
|
|a SNBG
|
| 035 |
|
|
|a urn:nbn:sk:snk-km00du21
|
| 035 |
|
|
|a urn:nbn:sk:snk-km3ltzs
|
| 035 |
|
|
|a 5C5EB87E-C238-413D-9E63-0D2A94EC0100
|
| 040 |
|
|
|a SNK
|b slo
|c SNK
|e AACR2
|
| 041 |
0 |
|
|a slo
|
| 043 |
|
|
|a e-xo---
|
| 044 |
|
|
|a xo
|c SK
|
| 072 |
|
7 |
|a 908(437)
|x Vlastiveda Česka a Slovenska
|2 konspekt
|
| 080 |
|
|
|a 908(437.6)
|2 2011
|
| 080 |
|
|
|a 796.5:625.711.8
|2 2011
|
| 080 |
|
|
|a (084.121)
|2 2011
|
| 080 |
|
|
|a 551.4.036
|2 2011
|
| 245 |
0 |
0 |
|a Prosiecká dolina
|h grafika
|
| 260 |
|
|
|a [Liptovský Sv. Mikuláš]
|b [Foto Starý a spol.]
|c [medzi 1919 a 1951?]
|e Praha
|f Foto-Fon
|
| 300 |
|
|
|a 1 pohľadnica
|b čiernobiela
|c 14 x 9 cm
|
| 500 |
|
|
|a Názvové údaje prevzaté z obrazovej časti pohľadnice
|
| 500 |
|
|
|a Číslo záberu 6098
|
| 520 |
8 |
|
|a Zobrazenie: Pohľad v bielom orámovaní na turistický chodník v Prosieckej doline, vedúci pomedzi skaly
|
| 650 |
0 |
7 |
|a turistické chodníky
|2 SNKPH
|9 71065
|
| 650 |
0 |
7 |
|a doliny
|2 SNKPH
|9 256361
|
| 651 |
|
7 |
|a Prosiecka dolina (Slovensko)
|2 SNKPHgeo
|9 160843
|
| 655 |
|
7 |
|a geografické pohľadnice
|2 SNKPH
|9 70522
|
| 852 |
|
|
|a Slovenská národná knižnica
|
| 954 |
|
|
|a pohľadnice pôvodné (slovenské)
|2 lita
|
| 954 |
|
|
|a pohľadnice cudzojazyčné (svetové)
|2 lita
|
| 958 |
|
|
|a OND
|
| 958 |
|
|
|a GBN
|
| 958 |
|
|
|a GC
|
| 958 |
|
|
|a EUIPO
|
| 999 |
|
|
|c 687513
|d 689443
|
| 952 |
|
|
|a SNK
|b SNK
|y PREZ
|7 0
|p 17A1233017
|o snkSP 26953
|0 0
|1 0
|4 0
|d 2019-02-13
|f 1
|l 0
|r 2026-02-23 20:16:53
|w 2026-02-23
|